| 000 | 00525nam a22001817a 4500 | ||
|---|---|---|---|
| 003 | CEME | ||
| 005 | 20210628201817.0 | ||
| 008 | 210216b xxu||||| |||| 00| 0 eng d | ||
| 020 | _a0-7879-0040-0 | ||
| 040 | _c. | ||
| 082 | _a510.7 KUL | ||
| 100 |
_aKulm, Gerald _956930 |
||
| 245 | _aMathematics assessment, what works in the classroom | ||
| 260 |
_aSAN FRANCISCO _bJOSSEY BASS PUBLISHERS _c1994 |
||
| 300 | _aXI,183P | ||
| 650 |
_aMATHEMATICS-STUDY AND TEACHING MATHEMATICAL ABILITY-TESTING _956931 |
||
| 942 |
_cBK _2ddc |
||
| 999 |
_c567247 _d567247 |
||